|
|
|
|
| LEADER |
00000nam0a2200000 4500 |
| 001 |
182475 |
| 005 |
20231101223707.0 |
| 010 |
|
|
|a 9785903826131
|
| 035 |
|
|
|a (RuTPU)RU\TPU\book\197812
|
| 090 |
|
|
|a 182475
|
| 100 |
|
|
|a 20100622d2009 m y0rusy50 ca
|
| 101 |
0 |
|
|a rus
|
| 102 |
|
|
|a RU
|
| 105 |
|
|
|a a j 001zy
|
| 200 |
1 |
|
|a Специалист по ремонту нефтяных и газовых скважин
|e учебное пособие
|f Е. В. Дорошенко, Б. В. Покрепин, Г. В. Покрепин
|
| 205 |
|
|
|a 2-е изд., стер.
|
| 210 |
|
|
|a Волгоград
|c Ин-фолио
|d 2009
|
| 215 |
|
|
|a 282 с.
|c ил.
|
| 225 |
1 |
|
|a Профессиональная подготовка
|
| 320 |
|
|
|a Библиогр.: с. 276-277.
|
| 330 |
|
|
|a Данное учебное пособие предназначено для рабочих, которые первично получают знания для получения рабочих профессий по ремонту скважин и для повышения уровня знаний при прохождении повышения квалификации. Пособие составлено в соответствии с Правилами безопасности в нефтяной и газовой промышленности, инструкциями по предупреждению газонефтеводопроявлений, руководящими документами по противофонтанной безопасности. Изложены основные положения по геологии разработки месторождений нефти и газа, по основам технологии бурения скважин и добычи нефти и газа, подготовки скважин к ремонту, рассмотрены виды и технология проведения ремонтов скважин, применяемое оборудование, приведены основные положения по пожарной безопасности, промышленной санитарии, охране окружающей среды. Данное учебное пособие может быть полезно и при подготовке персонала по другим рабочим профессиям, связанным с добычей нефти и газа.
|
| 606 |
1 |
|
|a Газовые скважины
|x Ремонт,подземный
|2 stltpush
|3 (RuTPU)RU\TPU\subj\4722
|9 32957
|
| 606 |
1 |
|
|a Нефтяные скважины
|x Восстановление и ремонт
|x Ремонт
|x Механизация
|2 stltpush
|3 (RuTPU)RU\TPU\subj\46131
|9 65316
|
| 610 |
1 |
|
|a нефтегазопромысловая геология
|
| 610 |
1 |
|
|a нефтегазовые скважины
|
| 610 |
1 |
|
|a гидродинамические исследования
|
| 610 |
1 |
|
|a геофизические исследования
|
| 610 |
1 |
|
|a бурение
|
| 610 |
1 |
|
|a нефть
|
| 610 |
1 |
|
|a газ
|
| 610 |
1 |
|
|a добыча
|
| 610 |
1 |
|
|a капитальный ремонт
|
| 610 |
1 |
|
|a текущий ремонт
|
| 610 |
1 |
|
|a охрана труда
|
| 610 |
1 |
|
|a техника безопасности
|
| 610 |
1 |
|
|a безопасность
|
| 610 |
1 |
|
|a противопожарные мероприятия
|
| 610 |
1 |
|
|a первая помощь
|
| 610 |
1 |
|
|a производственная санитария
|
| 610 |
1 |
|
|a учебные пособия
|
| 675 |
|
|
|a 622.276.7(07)
|v 3
|
| 675 |
|
|
|a 622.279.7(07)
|v 3
|
| 700 |
|
1 |
|a Дорошенко
|b Е. В.
|
| 701 |
|
1 |
|a Покрепин
|b Б. В.
|
| 701 |
|
1 |
|a Покрепин
|b Г. В.
|
| 801 |
|
1 |
|a RU
|b 63413507
|c 20100622
|
| 801 |
|
2 |
|a RU
|b 63413507
|c 20150723
|g RCR
|
| 942 |
|
|
|c BK
|